00225nam a2200085Ia 4500008004100000041000800041100001500049245003800064260003700102231107s2003 xx 000 0 und d aeng aSouthan M. aBeginner,s Guide to Silk Painting aGreat BritanbSearch Pressc2003